00346nam a2200133Ia 4500008004100000041000800041082001200049100002100061245004100082260004100123300003300164365000900197440000600206240624s9999 xx 000 0 und d aeng a030 KAL aKALISKI BURTON S aENCYCLOPEDIA OF BUSINESS AND FINANCE c2001aNew YorkbMacmillan Gale Group axxiii, : 449 : p. : cm. ; 29 cb28 v2